000 03164nab a2200313 i 4500
003 BR-BrBNA
005 20240625130830.0
008 240625b2016 bl.mr|pooa||| 00| 0 eng |
040 _aBR-BrBNA
_beng
072 _aF01
_b1480
100 _aFacco, Giovani
100 _aCargnelutti Filho, Alberto
100 _aAlves, Bruna Mendonça
100 _aBurin, Cláudia
100 _aSantos, Gustavo Oliveira dos
100 _aKleinpaul, Jéssica Andiara
100 _aNeu, Ismael Mario Márcio
245 _aSample size for estimating average productive traits of pigeon pea
500 _aPublicação on-line; 15 ref.; 2 tables; Sumaries (En, Pt)
520 _a ABSTRACT - The objectives of this study were to determine the sample size, in terms of number of plants, needed to estimate the average values of productive traits of the pigeon pea and to determine whether the sample size needed varies between traits and between crop years. Separate uniformity trials were conducted in 2011/2012 and 2012/2013. In each trial, 360 plants were demarcated, and the fresh and dry masses of roots, stems, and leaves and of shoots and the total plant were evaluated during blossoming for 10 productive traits. Descriptive statistics were calculated, normality and randomness were checked, and the sample size was calculated. There was variability in the sample size between the productive traits and crop years of the pigeon pea culture. To estimate the averages of the productive traits with a 20% maximum estimation error and 95% confidence level, 70 plants are sufficient. Key words: Cajanus cajan L., sample size, experimental precision.
520 _a RESUMO - Os objetivos deste trabalho foram determinar o tamanho de amostra, em número de plantas, para a estimação da média de caracteres produtivos de feijão guandu e verificar se há variabilidade do tamanho de amostra entre caracteres e anos agrícolas. Foram conduzidos dois ensaios de uniformidade, um em 2011/2012 e o outro em 2012/2013. Em cada ensaio, foram demarcadas 360 plantas e, no florescimento, foram avaliadas as massas verde e seca de raiz, caule, folha, parte aérea e total, totalizando dez caracteres produtivos. Foram calculadas estatísticas descritivas, verificada a normalidade e a aleatoriedade e calculado o tamanho de amostra. Na cultura de feijão guandu, há variabilidade do tamanho de amostra entre os caracteres produtivos e entre os anos agrícolas. Para a estimação da média dos caracteres produtivos, com erro de estimação máximo de 20% da média e com grau de confiança de 95%, 70 plantas são suficientes. Palavras-chave: Cajanus cajan L., dimensionamento amostral, precisão experimental.
650 _aGUANDU
650 _aAMOSTRAGEM
650 _aPRODUTIVIDADE
773 0 _02408
_9314926
_dSanta Maria-RS Universidade Federal de Santa Maria - Centro de Ciências Rurais 1991
_o2024-1177
_tCiência Rural (Brazil)
_x0103-8478
_gv. 46(3) p. 619-625; (2016)
_wBR2024001270
856 _uhttps://www.scielo.br/j/cr/a/sFyVTwrfB4k5w7Nc5nmjqYs/?format=pdf&lang=en
942 _cAnalítica
999 _c300231
_d300231